000 00813nam a2200241 a 4500
001 40445
003 BD-RjUL
005 20211209053220.0
008 160502s1977 bg ||||| b||| 00| 0 ben d
020 _c: TK 12.00
035 _a(BD-RjUL) 40560
040 _aBD-RjUL
_bben
_cBD-RjUL
041 _aben
082 _223
_a155.4
_bSAS 1977
100 _aছদরুদদীন
_9124126
245 1 0 _aশিশুমন /
_cছদরুদদীন
260 _aঢাকা :
_bবাংলা একাডেমী,
_c১৯৭৭
300 _a[১২], ১৪৭ পৃ. ;
_c২১ সেমি.
504 _aগ্রন্থপঞ্জি সম্বলিত
650 _aশিশু মনোবিজ্ঞান
_9124586
650 _aChild Psychology
_9124587
942 _2ddc
_cBK
999 _c40445
_d40445